Introduccián a la geoquímica /
Guardado en:
| Autor Principal: | |
|---|---|
| Formato: | Libro |
| Publicado: |
Estados Unidos de América :
O.e.a.,
1972
|
| Materias: | |
| Etiquetas: |
Agregar Etiqueta
Sin Etiquetas, Sea el primero en etiquetar este registro!
|
| LEADER | 00576nam a22001935a 4500 | ||
|---|---|---|---|
| 001 | CEM.cems002980 | ||
| 005 | 19000101000000.0 | ||
| 008 | 130507s1972##################000#0#####d | ||
| 003 | CEMS | ||
| 082 | 0 | 4 | |a 551 |
| 100 | 1 | |a González Bonorino, Félix | |
| 245 | 1 | 0 | |a Introduccián a la geoquímica / |c Félix González Bonorino |
| 260 | |a Estados Unidos de América : |b O.e.a., |c 1972 | ||
| 300 | |a 140 p. | ||
| 653 | |a Aguas subterraneas | ||
| 653 | |a Geoquimica | ||
| 653 | |a Luna-geoquimica de la | ||
| 653 | |a Tierra-origen | ||
| 859 | |a CEMS |b BIB. CEMS - 11 de abril |h 551 |i G589 |p 9941.81 |t Ej.1 | ||
